Around the corporate campfire : how great leaders use stories to inspire success (Record no. 373219)

MARC details
000 -LEADER
fixed length control field 00564nam a2200193Ia 4500
008 - FIXED-LENGTH DATA ELEMENTS--GENERAL INFORMATION
fixed length control field 191130s2004##################000#0#eng##
020 ## - INTERNATIONAL STANDARD BOOK NUMBER
ISBN 9781403924711
082 ## - DEWEY DECIMAL CLASSIFICATION NUMBER
Classification number 658.452 CLA
100 ## - MAIN ENTRY--AUTHOR NAME
Personal name Clark, Evelyn
245 ## - TITLE STATEMENT
Title Around the corporate campfire : how great leaders use stories to inspire success
Statement of responsibility, etc Evelyn Clark
260 ## - PUBLICATION, DISTRIBUTION, ETC. (IMPRINT)
Place of publication London
Name of publisher Macmillan
Year of publication c2004
300 ## - PHYSICAL DESCRIPTION
Number of Pages xiv, 230 p. ; 23 cm
500 ## - GENERAL NOTE
General note Includes Index
650 ## - SUBJECT ADDED ENTRY--TOPICAL TERM
Topical Term Management
991 ## -
-- 233782
Holdings
Withdrawn status Lost status Damaged status Not for loan Home library Current library Shelving location Date acquired Full call number Accession Number Price effective from Koha item type
        Anna Centenary Library Anna Centenary Library 6TH FLOOR, B WING 17.10.2020 658.452 CLA 119697 17.10.2020 English Books

Find us on the map